|
|
|
|
| LEADER |
00000nam0a2200000 4500 |
| 001 |
222258 |
| 005 |
20231031200007.0 |
| 035 |
|
|
|a (RuTPU)RU\TPU\book\242442
|
| 090 |
|
|
|a 222258
|
| 100 |
|
|
|a 20120920d1976 km y0rusy50 ca
|
| 101 |
0 |
|
|a rus
|
| 102 |
|
|
|a RU
|
| 105 |
|
|
|a a z 001zy
|
| 200 |
1 |
|
|a Притирка и доводка поверхностей деталей машин
|f С. Г. Бабаев, П. Г. Садыгов
|
| 210 |
|
|
|a Москва
|c Машиностроение
|d 1976
|
| 215 |
|
|
|a 128 с.
|c ил.
|
| 320 |
|
|
|a Библиогр.: с. 127-128.
|
| 610 |
1 |
|
|a машины
|
| 610 |
1 |
|
|a детали машин
|
| 610 |
1 |
|
|a поверхности
|
| 610 |
1 |
|
|a притирка
|
| 610 |
1 |
|
|a доводка
|
| 610 |
1 |
|
|a технологии
|
| 610 |
1 |
|
|a контроль
|
| 610 |
1 |
|
|a методы
|
| 610 |
1 |
|
|a средства
|
| 675 |
|
|
|a 621.923.74
|v 3
|
| 700 |
|
1 |
|a Бабаев
|b С. Г.
|g Сабир Габиб оглы
|
| 701 |
|
1 |
|a Садыгов
|b П. Г.
|g Панах Гасан оглы
|
| 801 |
|
1 |
|a RU
|b 63413507
|c 20120920
|
| 801 |
|
2 |
|a RU
|b 63413507
|c 20161017
|g RCR
|
| 942 |
|
|
|c BK
|